| 000 | 00602nam a2200181 i 4500 | ||
|---|---|---|---|
| 001 | 98185 | ||
| 003 | ES-MaACL | ||
| 005 | 20230906182230.0 | ||
| 007 | t| | ||
| 008 | 050726s1967 sp ||||1| spa d | ||
| 100 | 1 |
_aMarrero Bosch, Juan. _977073 |
|
| 245 | 1 | 0 |
_aGermán o sábado de fiesta / _cJuan Marrero Bosch; prólogo de Claudio de la Torre. |
| 260 |
_aLas Palmas de Gran Canaria : _bCabildo Insular de Gran Canaria, _c1967. |
||
| 300 |
_a100 p. ; _c24 cm. |
||
| 700 | 1 |
_aTorre, Claudio de la. _9110731 |
|
| 710 | 1 |
_aGran Canaria. _bCabildo Insular. _92264 |
|
| 852 |
_aES-MaACL _jC-33236 _bR.63881 |
||
| 999 |
_c98185 _d98185 |
||